000 00611nam a2200217Ia 4500
005 20241129120115.0
008 241129s9999||||xx |||||||||||||| ||und||
020 _a9780198896715
037 _aTB
040 _aSDCL
_beng
_cSDCL
041 _aeng
_2eng
084 _aY5927.2'P, R3
_qSDCL
100 _aJodhka Surinder S. Ed.; Naudet Jules Ed.
_9723783
245 0 _aOxford handbook of caste
260 _aNew York
_bOxford University Press
_c2023
300 _axx,660p.
365 _aINR
_b4500
650 _aPolitical Science
942 _cTB
_hY5927.2'P, R3
999 _c1233371
_d1233371